Railway Stations in Great Britain Starting with B - Statistics

General Stats
  • This quiz has been taken 110 times
  • The average score is 73 of 288
Answer Stats
County Passengers (2024/2025) Station % Correct
City of Bristol 10,877,308 Bristol Temple Meads
90%
West Midlands 36,623,678 Birmingham New Street
88%
East Sussex 15,328,450 Brighton
87%
Bedfordshire 3,763,978 Bedford
85%
Somerset 6,510,506 Bath Spa
79%
Dorset 2,664,456 Bournemouth
77%
Gloucestershire 2,325,558 Bristol Parkway
77%
Lancashire 1,297,980 Blackburn
75%
Greater Manchester 3,011,850 Bolton
75%
South Yorkshire 1,519,762 Barnsley
71%
Hampshire 4,793,820 Basingstoke
71%
West Midlands 5,002,974 Birmingham International
65%
Essex 3,232,020 Brentwood
63%
Bridgend 1,379,566 Bridgend
63%
Greater London 13,359,426 Barking
62%
West Midlands 3,153,970 Birmingham Snow Hill
62%
West Yorkshire 2,359,354 Bradford Interchange
62%
Devon 608,780 Barnstaple
60%
West Midlands 7,148,012 Birmingham Moor Street
60%
Essex 630,814 Braintree
60%
Essex 2,566,830 Basildon
58%
Greater London 1,096,808 Bexley
58%
Essex 2,348,512 Billericay
58%
Greater London 976,928 Brentford
58%
Gwynedd 720,066 Bangor
56%
West Sussex 1,086,762 Bognor Regis
56%
Buckinghamshire 1,385,658 Bletchley
54%
Oxfordshire 2,269,872 Banbury
52%
Vale of Glamorgan 600,062 Barry
52%
Lancashire 2,065,566 Blackpool North
52%
Greater London 42,752,242 Bond Street
52%
Cumbria 589,658 Barrow-in-Furness
50%
West Yorkshire 1,457,418 Bradford Forster Square
50%
Greater London 226,164 Bromley North
50%
Greater London 6,193,798 Bromley South
50%
Berkshire 1,725,890 Burnham
50%
East Sussex 511,760 Battle
48%
Greater London 1,694,068 Beckenham Junction
48%
Greater London 1,475,374 Bexleyheath
48%
Hertfordshire 3,003,190 Bishops Stortford
48%
Worcestershire 695,994 Bromsgrove
48%
Staffordshire 913,000 Burton-on-Trent
48%
Suffolk 929,244 Bury St Edmunds
48%
East Sussex 79,434 Berwick
46%
Merseyside 644,332 Birkenhead Central
46%
Greater London 2,278,510 Blackheath
46%
Lancashire 113,644 Blackpool South
46%
Cumbria 13,844 Bootle
46%
Lincolnshire 267,184 Boston
46%
East Riding of Yorkshire 754,186 Beverley
44%
Bedfordshire 894,928 Biggleswade
44%
West Yorkshire 1,017,970 Bingley
44%
Berkshire 1,775,202 Bracknell
44%
Hertfordshire 1,797,220 Broxbourne
44%
Hertfordshire 1,225,400 Bushey
42%
Greater London 1,209,476 Barking Riverside
40%
Greater London 2,251,810 Barnes
40%
Vale of Glamorgan 446,058 Barry Island
40%
West Yorkshire 227,096 Batley
40%
Buckinghamshire 1,146,906 Beaconsfield
40%
Oxfordshire 822,816 Bicester North
40%
Cumbria 15,976 Brampton
40%
Suffolk 14,508 Brampton
40%
Lancashire 114,562 Burnley Central
40%
Derbyshire 381,872 Buxton
40%
Greater London 5,955,232 Balham
38%
Greater London 872,264 Barnes Bridge
38%
Greater London 623,114 Bellingham
38%
Greater London 1,564,066 Bethnal Green
38%
Cornwall 305,298 Bodmin Parkway
38%
East Riding of Yorkshire 546,078 Bridlington
38%
Kent 218,476 Bat and Ball
37%
Oxfordshire 1,925,568 Bicester Village
37%
Somerset 486,562 Bridgwater
37%
Greater London 804,378 Brixton
37%
Greater London 3,668,366 Brockley
37%
Gwynedd 236,854 Barmouth
35%
East Sussex 1,488,932 Bexhill
35%
Greater London 738,246 Bickley
35%
Greater London 2,442,938 Brondesbury
35%
Hertfordshire 568,602 Baldock
33%
Vale of Glamorgan 285,566 Barry Docks
33%
Greater London 378,666 Beckenham Hill
33%
Greater London 1,067,324 Brondesbury Park
33%
East Riding of Yorkshire 551,506 Brough
33%
Greater London 955,890 Barnehurst
31%
West Lothian 938,148 Bathgate
31%
City of Bristol 140,918 Bedminster
31%
Greater London 2,693,538 Blackhorse Road
31%
Kent 794,074 Broadstairs
31%
Highland 33,508 Beauly
29%
Nottinghamshire 606,570 Beeston
29%
Derbyshire 219,184 Belper
29%
South Yorkshire 157,944 Bentley
29%
Hampshire 109,846 Bentley
29%
Buckinghamshire 254,624 Bourne End
29%
Greater London 675,392 Brent Cross West
29%
Surrey 120,522 Bagshot
27%
Greater London 2,183,506 Battersea Park
27%
Greater London 200,356 Belmont
27%
Hertfordshire 1,322,820 Berkhamsted
27%
Merseyside 944,022 Birkenhead North
27%
County Durham 169,032 Bishop Auckland
27%
West Yorkshire 336,358 Bramley
27%
Hampshire 264,730 Bramley
27%
Greater London 1,135,474 Brimsdown
27%
Greater London 1,364,934 Bruce Grove
27%
Flintshire 44,006 Buckley
27%
West Sussex 1,676,614 Burgess Hill
27%
Lancashire 583,322 Burnley Manchester Road
27%
Suffolk 129,850 Beccles
25%
Greater London 696,406 Belvedere
25%
Essex 2,439,326 Benfleet
25%
Greater London 524,702 Bowes Park
25%
Norfolk 128,812 Brandon
25%
Hampshire 986,394 Brockenhurst
25%
Essex 227,510 Burnham-on-Crouch
25%
Lancashire 75,068 Bamber Bridge
23%
Angus 450 Barry Links
23%
Bedfordshire 175,552 Bedford St Johns
23%
Greater London 363,954 Berrylands
23%
Merseyside 301,450 Bidston
23%
Lancashire 118,576 Blackpool Pleasure Beach
23%
West Midlands 114,166 Bloxwich
23%
West Sussex 213,026 Balcombe
21%
Surrey 148,780 Banstead
21%
Nottinghamshire 72,680 Bingham
21%
Greater London 105,178 Birkbeck
21%
Merseyside 669,528 Birkenhead Park
21%
Gwynedd 47,240 Blaenau Ffestiniog
21%
Hampshire 154,578 Botley
21%
Surrey 145,860 Box Hill and Westhumble
21%
Greater London 1,188,288 Bush Hill Park
21%
Carmarthenshire 2,716 Bynea
21%
Lincolnshire 33,106 Barton-on-Humber
19%
Hertfordshire 78,874 Bayford
19%
East Dunbartonshire 399,528 Bearsden
19%
Norfolk 802 Berney Arms
19%
Northumberland 707,310 Berwick-upon-Tweed
19%
Merseyside 1,657,330 Birkenhead Hamilton Square
19%
East Dunbartonshire 758,698 Bishopbriggs
19%
Ceredigion 61,940 Borth
19%
West Midlands 996,134 Bournville
19%
Ceredigion 34,538 Bow Street
19%
Wiltshire 532,216 Bradford-on-Avon
19%
Isle of Wight 17,080 Brading
19%
Lincolnshire 1,636 Brigg
19%
Shropshire 1,682 Broome
19%
Highland 5,836 Brora
19%
Dundee City 148,586 Broughty Ferry
19%
Norfolk 284 Buckenham
19%
Shropshire 3,858 Bucknell
19%
Surrey 408,252 Byfleet and New Haw
19%
West Yorkshire 210,976 Baildon
17%
West Sussex 1,032,190 Barnham
17%
Worcestershire 327,146 Barnt Green
17%
Warwickshire 69,046 Bedworth
17%
North Yorkshire 41,208 Bentham
17%
County Durham 118,110 Billingham
17%
Cardiff 53,024 Birchgrove
17%
East Sussex 51,166 Bishopstone
17%
West Yorkshire 387,592 Brighouse
17%
Powys 5,582 Builth Road
17%
Lancashire 29,796 Burnley Barracks
17%
West Dunbartonshire 444,334 Balloch
15%
Derbyshire 72,778 Bamford
15%
Caerphilly 188,436 Bargoed
15%
Hampshire 19,838 Beaulieu Road
15%
Wiltshire 99,948 Bedwyn
15%
North Lanarkshire 643,576 Bellshill
15%
Conwy 52,838 Betws-y-Coed
15%
Perth and Kinross 16,446 Blair Atholl
15%
Tyne and Wear 69,496 Blaydon
15%
West Midlands 123,090 Bloxwich North
15%
Isle of Anglesey 7,414 Bodorgan
15%
West Midlands 29,062 Bordesley
15%
West Sussex 69,330 Bosham
15%
Essex 141,614 Braintree Freeport
15%
Stirling 268,412 Bridge of Allan
15%
Caerphilly 13,052 Brithdir
15%
Neath Port Talbot 41,642 Briton Ferry
15%
Norfolk 103,312 Brundall
15%
Norfolk 17,886 Brundall Gardens
15%
Somerset 53,002 Bruton
15%
Fife 206,194 Burntisland
15%
Neath Port Talbot 35,200 Baglan
13%
Angus 1,708 Balmossie
13%
Northumberland 10,046 Bardon Mill
13%
Lincolnshire 61,434 Barnetby
13%
Leicestershire 101,842 Barrow-upon-Soar
13%
North Yorkshire 2,524 Battersby
13%
Merseyside 917,836 Bebington
13%
West Midlands 154,824 Bescot Stadium
13%
Merseyside 691,544 Bootle Oriel Road
13%
Hertfordshire 275,238 Brookmans Park
13%
Merseyside 226,404 Bank Hall
12%
East Renfrewshire 553,018 Barrhead
12%
South Ayrshire 3,878 Barrhill
12%
Lincolnshire 1,194 Barrow Haven
12%
Essex 22,560 Battlesbridge
12%
Warwickshire 2,552 Bearley
12%
Kent 350,024 Birchington-on-Sea
12%
West Lothian 51,822 Blackridge
12%
Greater Manchester 226,316 Blackrod
12%
Hampshire 383,848 Blackwater
12%
Worcestershire 96,472 Blakedown
12%
Merseyside 885,026 Bootle New Strand
12%
Leicestershire 56,560 Bottesford
12%
West Dunbartonshire 27,310 Bowling
12%
Merseyside 530,726 Bromborough
12%
Merseyside 222,626 Bromborough Rake
12%
Surrey 874,760 Brookwood
12%
Merseyside 847,394 Brunswick
12%
Cornwall 6,528 Bugle
12%
Kent 236,990 Barming
10%
Hampshire 86,206 Bedhampton
10%
East Riding of Yorkshire 23,682 Bempton
10%
Devon 39,426 Bere Alston
10%
Devon 14,614 Bere Ferrers
10%
West Midlands 284,690 Berkswell
10%
Surrey 14,482 Betchworth
10%
West Sussex 447,136 Billingshurst
10%
South Lanarkshire 413,806 Blantyre
10%
Staffordshire 103,852 Blythe Bridge
10%
South Yorkshire 77,700 Bolton-upon-Dearne
10%
Surrey 212,440 Bookham
10%
Kent 438,368 Borough Green and Wrotham
10%
Dorset 280,126 Branksome
10%
Greater Manchester 172,036 Bredbury
10%
Merseyside 415,724 Broad Green
10%
Greater Manchester 311,940 Bromley Cross
10%
Cumbria 28,192 Burneside
10%
South Lanarkshire 225,114 Burnside
10%
Lancashire 50,780 Burscough Junction
10%
Nottinghamshire 13,392 Burton Joyce
10%
Cheshire 495,366 Bache
8%
Kent 37,720 Bekesbourne
8%
Kent 14,532 Beltring
8%
West Yorkshire 218,968 Ben Rhydding
8%
Warwickshire 28,434 Bermuda Park
8%
Staffordshire 139,092 Bilbrook
8%
Merseyside 1,064,598 Birkdale
8%
West Midlands 344,892 Blake Street
8%
Cumbria 1,472 Braystones
8%
Hertfordshire 27,058 Bricket Wood
8%
Argyll and Bute 7,958 Bridge of Orchy
8%
Glasgow City 802,898 Bridgeton
8%
Essex 53,342 Bures
8%
Hampshire 68,028 Bursledon
8%
East Sussex 99,310 Buxted
8%
Glasgow City 162,068 Baillieston
6%
Lancashire 119,252 Bare Lane
6%
Kent 316,948 Bearsted
6%
Highland 230 Beasdale
6%
Greater Manchester 15,288 Belle Vue
6%
West Yorkshire 27,114 Berry Brow
6%
Cheshire 437,172 Birchwood
6%
Renfrewshire 701,908 Bishopton
6%
Hampshire 83,962 Bitterne
6%
Merseyside 1,563,538 Blundellsands and Crosby
6%
Buckinghamshire 32,874 Bow Brickhill
6%
Greater Manchester 88,708 Brinnington
6%
Greater Manchester 130,298 Broadbottom
6%
West Yorkshire 37,888 Brockholes
6%
City of Edinburgh 156,782 Brunstane
6%
Lancashire 355,252 Buckshaw Parkway
6%
Nottinghamshire 71,838 Bulwell
6%
West Yorkshire 606,872 Burley-in-Wharfedale
6%
West Yorkshire 756,200 Burley Park
6%
Greater Manchester 171,926 Burnage
6%
Lancashire 166,054 Burscough Bridge
6%
East Renfrewshire 110,486 Busby
6%
Highland 6,796 Banavie
4%
South Ayrshire 154,888 Barassie
4%
North Lanarkshire 98,846 Bargeddie
4%
Glasgow City 84,686 Barnhill
4%
North Lanarkshire 377,514 Blairhill
4%
Nottinghamshire 7,552 Bleasby
4%
Greater Manchester 214,228 Bramhall
4%
Inverclyde 122,300 Branchton
4%
West Lothian 5,924 Breich
4%
Lancashire 36,894 Brierfield
4%
Greater Manchester 105,238 Bryn
4%
West Midlands 193,930 Butlers Lane
4%
Glasgow City 744,374 Bellgrove
2%
Lancashire 2,442 Bescar Lane
2%
Inverclyde 27,266 Bogston
2%
East Riding of Yorkshire 1,300 Broomfleet
2%
No matching quizzes found
Score Distribution
Percent of People with Each Score
Percentile by Number Answered
Your Score History
You have not taken this quiz